| 000 | 00674nam a2200193 i 4500 | ||
|---|---|---|---|
| 001 | 38864 | ||
| 003 | ES-MaACL | ||
| 005 | 20251115063231.0 | ||
| 007 | t| | ||
| 008 | 030226s1880 fr ||||1| fre d | ||
| 100 | 1 |
_aCalvo, Carlos, _d1822-1906 _9158157 |
|
| 245 | 1 | 3 |
_aLe droit international théorique et pratique précedé d'un exposé historique des progrés de la science du droit des gens / _cpar M. Charles Calvo. |
| 250 | _a3eme. ed. | ||
| 260 |
_aParis : _b[s.n.], _c1880 ( _eOrleans : _fGeorges Jacob) |
||
| 300 |
_a4 v. ; _c24 cm. |
||
| 650 | 0 | 7 |
_aDerecho internacional público _2embne _911723 |
| 852 |
_aES-MaACL _jB-5140-43 |
||
| 999 |
_c38864 _d38864 |
||